1348 1469 1473 1354 1490 1343 1410 1402 1517 1337 1658 1061 1501 1057 1192 1168 1144 1735 1322 1420 1889 1652 1076 1403 1201 1955 1825 1943 1045 1517 1954 1779 1322 1715 1602 1457 1898 1789 1162 1568 1933 1223 1539 1082 1165 1823 1285 1217 1115 1253 1067 1208 1819 1940 1189 1345 1030 1879 1735 1153 1561 1019 1577 1454 1169 1410 1417 1201 1615 1217 1649 1926 1131 1249 1765 1767 1378 1172 1024 1648 1333 1430 1675 1987 1773 1094 1768 1102 1824 1766 1755 1915 1320 1089 1713 1537 1795 1797 1599 BCNSPRNW ULIB Ver.6.0+V

เปลี่ยนเป็นภาษาไทย

Change to English
 แสดงรายละเอียดบรรณานุกรม
  กลับหน้าหลัก

Brief Record : Get Marc (ISO 2709) : E-mail record : QR code < ปิดหน้าต่าง
LEADER : 00000nam 2200000uu 4500
001    13399114557
003     ULIB
008    110627s2549||||th 000 0 tha d
020    97897493953
090    นว.^bม367อ
100 0  แมนเฟรดิ, วาเลริโอ มาสซิโม
245 00 อเล็กซานเดอร์มหาราช ตอน เทพพยากรณ์แห่งแอมมอน /^cแมนเฟรดิ, วาเลริโอ มาสซิโม
250    พิมพ์ครั้งที่ 1
260    กรุงเทพฯ :^bเพิร์ล พับลิชลิ่ง,^c2549
300    502 หน้า
710 1  เพิร์ล พับลิชลิ่ง
945    ^p0^l0^i018788
995    ทศพร
999 ^a ใช้งานได้ทุกระบบ
รายการนี้ยังไม่มีแท็ก
คุณยังไม่ได้ล็อกอิน คุณสามารถมีกิจกรรมร่วมกับเว็บไซต์ได้ แต่ต้องล็อกอินก่อน ::
  ล็อกอิน

รายการสื่อสารสนเทศ

ลำดับที่ ประเภท เลขเรียก/บาร์โค้ด สถานที่ สถานะ
1. นวนิยาย
นวนิยาย
นว. ม367อ ฉ.1 
  Barcode: 018788
ห้องสมุดวิทยาเขตสวรรค์ประชารักษ์
►นวนิยาย
บนชั้น
  ขอยืม

BibComment


ยังไม่เคยถูกคอมเมนท์

คอมเมนท์ทรัพยากรรายการนี้
  คอมเมนท์: อเล็กซานเดอร์มหาร..


 Copyright 2026. Bcnsprnw @Library